00341nam a22001577a 4500003000500000020001700005038001200022082001500034100001600049245004100065250000800106260003500114300001200149500001500161563000700176NUST a0-273-731602 akhadija a658.5bSLA aNigel Slack aOperations Management /cNigel Slack a6th aNew Jersey,bJohn Wileyc2003. a675p. : aPaperback. aPB